000 00697nam a22002297a 4500
003 UA-OsUOA
001 51460
007 ta
008 20140908b un ||||| |||| 00| 0 ukr d
090 _a09.-061
_bИ99
942 _cBR
040 _aUA-OsUOA
_bukr
_cUA-OsUOA
_dUA-OsUOA
245 _aІсторія Наукового товариства ім. Шевченка
300 _a51 с.
955 _a1
041 _aukr
080 _a09.-061
260 _aН.-Й.; Мюнхен
_bНакладом НТШ
_c1949
650 7 _a0 Загальний відділ.
_2UDC
999 _c431591
_d431591